Stop - Spice Girls (All Lyrics) - Statistics

General Stats
  • This quiz has been taken 140 times
  • The average score is 329 of 409
Answer Stats
Answer % Correct
I
99%
a
97%
so
97%
So
97%
Stop
97%
(Stop
97%
to
97%
with
97%
You
97%
you
97%
you,
97%
you)
97%
human
96%
much
96%
much,
96%
much)
96%
need
96%
need,
96%
now,
96%
now)
96%
right
96%
some
96%
thank
96%
(Thank
96%
very
96%
me
95%
touch
95%
somebody
93%
the
93%
always
92%
go
92%
on
92%
Do
91%
do,
91%
do
91%
Hey
91%
it
89%
an
88%
run
88%
got
86%
have
86%
be
85%
in,
85%
in
85%
don't
84%
Don't
84%
fun
84%
Gotta
84%
gotta
84%
know
84%
know,
84%
down,
82%
down
82%
we
82%
(We
82%
Ba
81%
ba,
81%
ba
81%
baby,
81%
Slow
81%
slow
81%
too
81%
see
80%
It's
78%
it's
78%
just
78%
who
78%
Can't
77%
can't
77%
walk
77%
your
77%
smile
76%
take
76%
Take
76%
And
74%
and
74%
but
74%
fast
74%
going
74%
mile
74%
that
74%
even
73%
make
73%
you're
73%
inch,
72%
last
72%
where
72%
behind
68%
or
68%
Or
68%
won't
68%
other
66%
leave
65%
win
65%
why
64%
find
62%
forever
62%
my
61%
together
61%
will
61%
around
58%
cool
58%
are
57%
bother
57%
each
55%
stay
55%
could
54%
get
54%
Caught
53%
gonna
53%
phase
53%
cause
51%
'Cause
51%
of
51%
this
51%
turn
51%
yes,
51%
Racing
50%
we've
50%
line
49%
time
49%
way
49%
craze,
47%
hard
46%
sign
46%
what
45%
out
42%
read
42%
wasting
41%
You've
41%
breakdown
39%
face
39%
crossed
36%
keep
36%
wanna
36%
back
35%
money,
35%
about
34%
care
34%
honey,
34%
off
34%
speed,
32%
less
28%
case
27%
lay
24%
do-do
18%
do-do,
18%
da-ba
9%
da-ba,
9%
No matching quizzes found
Score Distribution
Percent of People with Each Score
Percentile by Number Answered
Your Score History
You have not taken this quiz